000 00566nam a2200205 i 4500
001 18048
003 ES-MaACL
005 20230906151739.0
007 t|
008 010905s1981 sp ||||1| spa d
020 _a84-300-3640-7
080 _a821.134.2-14"19"
100 1 _aSolera, Juan.
_9107204
245 1 0 _aCiudad maldita /
_c[Juan Solera, Serafín M. Vidriales].
250 _a[1ª ed.].
260 _a[S.l.] :
_bLos autores,
_c1981.
300 _a78 p. ;
_c22 cm.
700 1 _aVidriales, Serafín M.
_9114560
852 _aES-MaACL
_j2167-F-2
_bR.130429
999 _c18048
_d18048